000 00214nam a22000977a 4500
041 _aENG
245 _aSamudra Tatiy lavaniya mruda me Dhan ki kheti
260 _aDelhi
_bICAR
_c1986
650 _aGAE
856 _uGAE
999 _c2633
_d2633